| 000 -LEADER |
| fixed length control field |
01195cam a22003492 4500 |
| 001 - CONTROL NUMBER |
| control field |
537398 |
| 003 - CONTROL NUMBER IDENTIFIER |
| control field |
OSt |
| 005 - DATE AND TIME OF LATEST TRANSACTION |
| control field |
20211216091851.0 |
| 008 - FIXED-LENGTH DATA ELEMENTS--GENERAL INFORMATION |
| fixed length control field |
081021t20072006nyua e 000 1 eng |
| 020 ## - INTERNATIONAL STANDARD BOOK NUMBER |
| International Standard Book Number |
9780060532291 (pbk) : |
| 020 ## - INTERNATIONAL STANDARD BOOK NUMBER |
| International Standard Book Number |
0060532297 (pbk) |
| 040 ## - CATALOGING SOURCE |
| Original cataloging agency |
JST |
| Transcribing agency |
JST |
| Modifying agency |
BAKER |
| -- |
TAE |
| 082 04 - DEWEY DECIMAL CLASSIFICATION NUMBER |
| Classification number |
FIC OPP |
| 100 1# - MAIN ENTRY--PERSONAL NAME |
| Personal name |
Oppel, Kenneth, |
| Dates associated with a name |
1967- |
| Relator term |
author |
| 245 10 - TITLE STATEMENT |
| Title |
Skybreaker / |
| Statement of responsibility, etc. |
Kenneth Oppel. |
| 250 ## - EDITION STATEMENT |
| Edition statement |
1st pbk. ed. |
| 260 ## - PUBLICATION, DISTRIBUTION, ETC. |
| Place of publication, distribution, etc. |
New York : |
| Name of publisher, distributor, etc. |
Eos, |
| Date of publication, distribution, etc. |
2007. |
| 300 ## - PHYSICAL DESCRIPTION |
| Extent |
544 p. : |
| Other physical details |
ill. ; |
| Dimensions |
18 cm. |
| 440 ## - SERIES STATEMENT/ADDED ENTRY--TITLE |
| Title |
Matt Cruse trilogy; |
| Number of part/section of a work |
bk2. |
| 500 ## - GENERAL NOTE |
| General note |
Sequel to: Airborn. |
| 520 ## - SUMMARY, ETC. |
| Summary, etc. |
Matt Cruse, a student at the Airship Academy, and Kate de Vries, a young heiress, team up with a gypsy and a daring captain, to find a long-lost airship, rumored to carry a treasure beyond imagination. |
| 650 #1 - SUBJECT ADDED ENTRY--TOPICAL TERM |
| Topical term or geographic name entry element |
Imaginary creatures |
| Form subdivision |
Fiction. |
| 650 #1 - SUBJECT ADDED ENTRY--TOPICAL TERM |
| Topical term or geographic name entry element |
Inventions |
| Form subdivision |
Fiction. |
| 650 #0 - SUBJECT ADDED ENTRY--TOPICAL TERM |
| Topical term or geographic name entry element |
Airships |
| Form subdivision |
Juvenile fiction. |
| 650 #0 - SUBJECT ADDED ENTRY--TOPICAL TERM |
| Topical term or geographic name entry element |
Pirates |
| Form subdivision |
Juvenile fiction. |
| 650 #0 - SUBJECT ADDED ENTRY--TOPICAL TERM |
| Topical term or geographic name entry element |
Animals, Mythical |
| Form subdivision |
Juvenile fiction. |
| 650 #0 - SUBJECT ADDED ENTRY--TOPICAL TERM |
| Topical term or geographic name entry element |
Inventions |
| Form subdivision |
Juvenile fiction. |
| 650 #1 - SUBJECT ADDED ENTRY--TOPICAL TERM |
| Topical term or geographic name entry element |
Airships |
| Form subdivision |
Fiction. |
| 650 #1 - SUBJECT ADDED ENTRY--TOPICAL TERM |
| Topical term or geographic name entry element |
Salvage |
| Form subdivision |
Fiction. |
| 650 #1 - SUBJECT ADDED ENTRY--TOPICAL TERM |
| Topical term or geographic name entry element |
Pirates |
| Form subdivision |
Fiction. |
| 942 ## - ADDED ENTRY ELEMENTS (KOHA) |
| Source of classification or shelving scheme |
|
| Koha item type |
Books - Fiction |